[Event "16th EUR-ch"]
[Site "Jerusalem ISR"]
[Date "2015.03.03"]
[Round "7"]
[White "Chekhov, Sergei"]
[Black "Ben-Natan, Yigal"]
[Result "1-0"]
[WhiteElo "2470"]
[BlackElo "2138"]
[EventDate "2015.02.24"]
[PlyCount "89"]

1.c4 Nf6 2.g3 c6 3.Bg2 d5 4.Nf3 Bf5 5.O-O h6 6.b3 e6 7.Bb2 Be7 8.d3 O-O 9.
Nbd2 Nbd7 10.h3 a5 11.a3 Nc5 12.Rc1 Nfd7 13.Re1 Bg6 14.Ba1 Bf6 15.Bxf6 
Qxf6 16.cxd5 exd5 17.b4 axb4 18.axb4 Na6 19.b5 Nac5 20.Nb3 Nxb3 21.Qxb3 
Qd6 22.Nd4 c5 23.Nc2 Nb6 24.Ne3 Rfd8 25.Ra1 Rac8 26.Ra7 Rc7 27.Bf3 f6 28.
Rc1 Bf7 29.Qa3 Be6 30.Bg4 Rdc8 31.d4 Nd7 32.Rd1 f5 33.Nxf5 Bxf5 34.Bxf5 
Rf8 35.Ra8 Nb8 36.dxc5 Qe5 37.Bg4 d4 38.Ra4 h5 39.Bf3 h4 40.g4 Rxc5 41.
Raxd4 Rxb5 42.Rd5 Qb2 43.Qxb2 Rxb2 44.Rd8 Kf7 45.Rxf8+ 1-0

[Event "16th EUR-ch"]
[Site "Jerusalem ISR"]
[Date "2015.03.03"]
[Round "7"]
[White "Gruenfeld, Yehuda"]
[Black "Kali, Omer"]
[Result "1-0"]
[WhiteElo "2444"]
[BlackElo "2089"]
[EventDate "2015.02.24"]
[PlyCount "103"]

1.e4 e5 2.Nf3 Nc6 3.Bb5 a6 4.Ba4 Nf6 5.O-O b5 6.Bb3 Bb7 7.Re1 Bc5 8.c3 d6 
9.d4 Bb6 10.Be3 O-O 11.Nbd2 exd4 12.cxd4 Nb4 13.d5 Nd3 14.Re2 c5 15.Bc2 
Ne5 16.h3 Ng6 17.Nf1 Re8 18.Ng3 Nd7 19.Bg5 Qb8 20.Nf5 f6 21.Bc1 Ne7 22.Ng3
Ne5 23.Nh2 c4 24.Kh1 Nd7 25.Be3 Qa7 26.Ng4 Ne5 27.Bxb6 Qxb6 28.Ne3 N7g6 
29.Nh5 Bc8 30.f4 Nf7 31.Qe1 Kh8 32.Qg3 Rg8 33.Nf5 Qd8 34.Nfxg7 Rxg7 35.
Nxg7 Kxg7 36.f5 Ne5 37.Rf1 Ra7 38.Ref2 Rf7 39.h4 Kh8 40.fxg6 hxg6 41.Bd1 
Nd3 42.Qxg6 Nxf2+ 43.Rxf2 Qe7 44.Kg1 f5 45.Bc2 Bd7 46.exf5 Qe1+ 47.Rf1 
Qe3+ 48.Kh2 Rg7 49.Qh5+ Rh7 50.Qg4 Qd2 51.Qe4 Rf7 52.f6 1-0

[Event "16th EUR-ch"]
[Site "Jerusalem ISR"]
[Date "2015.03.03"]
[Round "7"]
[White "Slavin, Alexey"]
[Black "Zlatin, Alexander"]
[Result "1-0"]
[WhiteElo "2391"]
[BlackElo "2086"]
[EventDate "2015.02.24"]
[PlyCount "77"]

1.b3 Nf6 2.Bb2 e6 3.f4 d5 4.e3 Bd6 5.Nf3 O-O 6.Bd3 c5 7.O-O Nc6 8.Bb5 Nd7 
9.Bxc6 bxc6 10.d3 f6 11.Nbd2 Qe7 12.Qe2 Ba6 13.Rae1 e5 14.e4 c4 15.dxc4 
Bc5+ 16.Kh1 exf4 17.Nd4 Bxd4 18.Bxd4 c5 19.Bb2 dxc4 20.Nxc4 Qe6 21.Rxf4 
Nb6 22.e5 f5 23.Qf2 Nxc4 24.bxc4 Bxc4 25.Ba3 Bxa2 26.Bxc5 Rf7 27.Rd4 Rd7 
28.Rd6 Rxd6 29.exd6 Qd5 30.h3 Rc8 31.Re7 Rxc5 32.d7 Qd1+ 33.Re1 Rd5 34.
Rxd1 Rxd1+ 35.Kh2 Rxd7 36.Qxf5 Rd2 37.Qc8+ Kf7 38.Qb7+ Kg6 39.Qa6+ 1-0

[Event "16th EUR-ch"]
[Site "Jerusalem ISR"]
[Date "2015.03.03"]
[Round "7"]
[White "Bitensky, Igor"]
[Black "Aronin, Pavel"]
[Result "1-0"]
[WhiteElo "2384"]
[BlackElo "2085"]
[EventDate "2015.02.24"]
[PlyCount "85"]

1.Nf3 Nf6 2.g3 g6 3.Bg2 Bg7 4.c4 O-O 5.Nc3 d6 6.d4 Nc6 7.O-O e5 8.dxe5 
dxe5 9.Qxd8 Rxd8 10.Bg5 Be6 11.Nd2 h6 12.Bxf6 Rxd2 13.Bxg7 Kxg7 14.b3 Na5 
15.Rfc1 Rad8 16.Kf1 f5 17.Ke1 R2d7 18.Rd1 c6 19.Rxd7+ Rxd7 20.c5 e4 21.Rd1
Rxd1+ 22.Kxd1 b6 23.cxb6 axb6 24.Kc2 c5 25.Na4 c4 26.b4 Nc6 27.Kc3 b5 28.
Nc5 Bf7 29.f3 exf3 30.Bxf3 Ne5 31.Bb7 g5 32.Na6 Bh5 33.Nc7 Bxe2 34.Nxb5 f4
35.Nd4 f3 36.Nxe2 fxe2 37.Kd2 Nd3 38.Kxe2 Nxb4 39.a4 Nc2 40.Kd2 Na1 41.Kc3
Nb3 42.Bd5 Nc5 43.a5 1-0

[Event "16th EUR-ch"]
[Site "Jerusalem ISR"]
[Date "2015.03.03"]
[Round "7"]
[White "Faizrakhmanov, Ramil"]
[Black "Bochkarev, Yuriy"]
[Result "0-1"]
[WhiteElo "2371"]
[BlackElo "2076"]
[EventDate "2015.02.24"]
[PlyCount "186"]

1.d4 d6 2.Nf3 g6 3.e4 Bg7 4.Nc3 Nf6 5.Be2 O-O 6.O-O Nbd7 7.h3 e5 8.Re1 a6 
9.a4 b6 10.d5 a5 11.Bf1 h6 12.Be3 Kh7 13.Nd2 Nh5 14.g3 Nc5 15.Nc4 Na6 16.
Kh2 Qe8 17.Be2 Nb4 18.Nb5 Na6 19.Bxh5 gxh5 20.Qxh5 Bd7 21.g4 Qe7 22.Rg1 
Be8 23.g5 f5 24.g6+ Kg8 25.Bxh6 Bxh6 26.Qxh6 Qg7 27.Qh5 fxe4 28.Rg2 Bd7 
29.Rag1 Rf3 30.Rg3 Rxf2+ 31.R1g2 Rxg2+ 32.Kxg2 Rf8 33.Ne3 Rf4 34.b3 Qh8 
35.Qg5 Qf6 36.Qxf6 Rxf6 37.h4 Kg7 38.h5 Rf8 39.Ng4 Bxg4 40.Rxg4 Kh6 41.Rh4
e3 42.Nc3 Nb4 43.Kg3 e2 44.Nxe2 Nxd5 45.Rh1 Rf5 46.g7 Rg5+ 47.Kf3 Rxg7 48.
Ke4 Ne7 49.c4 Rg4+ 50.Kf3 Rg5 51.Nc3 Nf5 52.Nd5 Rg7 53.Nf6 Nd4+ 54.Ke4 
Nxb3 55.Kd5 Nd4 56.Rh2 Rf7 57.Ne8 Rd7 58.Nf6 c6+ 59.Ke4 Rf7 60.Ng4+ Kh7 
61.Ne3 Nb3 62.Kd3 Nc5+ 63.Kc2 Rf3 64.Ng4 Rf4 65.Ne3 Re4 66.Nf5 Rxc4+ 67.
Kb2 Rb4+ 68.Ka2 Rxa4+ 69.Kb2 d5 70.Rg2 Rf4 71.Rg7+ Kh8 72.Rf7 Ne6 73.Rf6 
Ng7 74.Rh6+ Kg8 75.Ne7+ Kf7 76.Nxc6 e4 77.Ne5+ Kg8 78.Rxb6 Nxh5 79.Ra6 Rf5
80.Nc6 Rf2+ 81.Kc3 e3 82.Rxa5 e2 83.Kd2 Nf4 84.Nd4 Kf7 85.Ra3 Ke7 86.Ra6 
Kd7 87.Rh6 Ke7 88.Ra6 Rh2 89.Ra1 Rf2 90.Ra6 Rg2 91.Rh6 Rg1 92.Nf3 Rd1+ 93.
Ke3 Rd3+ 0-1

[Event "16th EUR-ch"]
[Site "Jerusalem ISR"]
[Date "2015.03.03"]
[Round "7"]
[White "Zanan, Evgeny"]
[Black "Kerner, Michael"]
[Result "1/2-1/2"]
[WhiteElo "2327"]
[BlackElo "2063"]
[EventDate "2015.02.24"]
[PlyCount "99"]

1.Nf3 c5 2.c4 Nc6 3.b3 e5 4.d3 e4 5.Ng5 f5 6.Nc3 Be7 7.Nh3 Bf6 8.Bb2 e3 9.
fxe3 Bxc3+ 10.Bxc3 Nf6 11.g3 Ng4 12.Qc1 d5 13.Bg2 d4 14.exd4 cxd4 15.Bd2 
Qd6 16.O-O a5 17.Bf4 Nce5 18.Nf2 h5 19.Nxg4 hxg4 20.e3 g5 21.Bxe5 Qxe5 22.
Re1 Kd8 23.Qb2 Ra6 24.Qxd4+ Qxd4 25.exd4 Rah6 26.Rf1 Rxh2 27.Rae1 R2h6 28.
Re5 Rf6 29.Kf2 f4 30.Rh1 Rxh1 31.Bxh1 f3 32.Re3 Rh6 33.Bxf3 gxf3 34.Kxf3 
Rh2 35.Re5 g4+ 36.Ke4 Rxa2 37.Rg5 Rb2 38.Rxa5 Rxb3 39.Ra2 Rb1 40.Rh2 Rg1 
41.Kf4 Kc7 42.Rh7+ Bd7 43.d5 Rf1+ 44.Ke4 Re1+ 45.Kf4 b6 46.d4 Rc1 47.Ke5 
Re1+ 48.Kf4 Rf1+ 49.Ke5 Re1+ 50.Kf4 1/2-1/2

[Event "16th EUR-ch"]
[Site "Jerusalem ISR"]
[Date "2015.03.03"]
[Round "7"]
[White "Fischer, Sebastian"]
[Black "Poleg, Dan"]
[Result "1-0"]
[WhiteElo "2256"]
[BlackElo "1992"]
[EventDate "2015.02.24"]
[PlyCount "107"]

1.d4 d5 2.Nf3 Nf6 3.Bg5 h6 4.Bh4 e6 5.e3 c5 6.Nbd2 Nc6 7.c3 Be7 8.Bd3 O-O 
9.Qe2 Bd7 10.dxc5 Bxc5 11.e4 Be7 12.e5 Ne8 13.Bg3 Nc7 14.O-O b5 15.Rad1 a6
16.Bb1 Rc8 17.Qd3 g6 18.Rfe1 Na8 19.h4 h5 20.Qe3 Kh7 21.Bf4 Qb6 22.Qe2 Kg7
23.Nf1 b4 24.c4 Nc7 25.Qd2 Rh8 26.Be3 Qa5 27.b3 Rcd8 28.Qc2 dxc4 29.bxc4 
Nb8 30.Bg5 Qc5 31.Qe4 Bc6 32.Qf4 Bxf3 33.Bf6+ Kh7 34.Qxf3 Bxf6 35.Qxf6 
Rdf8 36.Ng3 Ne8 37.Qf4 Kg7 38.Qe4 Qc6 39.Qd4 Nc7 40.Qf4 Ne8 41.Qd4 Nc7 42.
Be4 Qe8 43.Qd6 Qd8 44.Qxb4 Qxh4 45.Qc5 Ne8 46.Qb6 Qf4 47.Qxb8 h4 48.Nf1 h3
49.gxh3 Rxh3 50.Bg2 Rfh8 51.Bxh3 Rxh3 52.Qb7 Nc7 53.Qe4 Qg5+ 54.Qg2 1-0

[Event "16th EUR-ch"]
[Site "Jerusalem ISR"]
[Date "2015.03.03"]
[Round "7"]
[White "Sassoon, Roei"]
[Black "Gamayev, Oleg"]
[Result "0-1"]
[WhiteElo "1896"]
[BlackElo "2204"]
[EventDate "2015.02.24"]
[PlyCount "72"]

1.e4 c6 2.d4 d5 3.e5 Bf5 4.Nc3 e6 5.g4 Bg6 6.Nge2 c5 7.h4 h6 8.Nf4 Bh7 9.
g5 hxg5 10.Nh3 gxh4 11.Ng5 Bf5 12.Ne2 Nc6 13.c3 cxd4 14.Nxd4 Nxd4 15.Qxd4 
Ne7 16.Rxh4 Rxh4 17.Qxh4 Nc6 18.Qg3 Qc7 19.Bf4 O-O-O 20.b4 Kb8 21.a3 Ka8 
22.Be2 Qd7 23.Rd1 f6 24.Nf3 g5 25.Be3 g4 26.Nh2 Nxe5 27.Nxg4 Nxg4 28.Bxg4 
Bd6 29.Qf3 Bxg4 30.Qxg4 Be5 31.c4 Qc6 32.b5 Qe8 33.Bd4 Qg8 34.Qe2 dxc4 35.
Qxc4 Qg1+ 36.Ke2 Qxd1+ 0-1

[Event "16th EUR-ch"]
[Site "Jerusalem ISR"]
[Date "2015.03.03"]
[Round "7"]
[White "Gal, Moshe"]
[Black "Altshul, Limor"]
[Result "1-0"]
[WhiteElo "2154"]
[BlackElo "1887"]
[EventDate "2015.02.24"]
[PlyCount "101"]

1.d4 Nf6 2.Nf3 e6 3.Bf4 c5 4.e3 d5 5.c3 Nc6 6.Nbd2 Bd6 7.Bg3 O-O 8.Ne5 Qc7
9.f4 Nd7 10.Bd3 Ne7 11.Qb1 Ng6 12.h4 cxd4 13.exd4 Bxe5 14.fxe5 f5 15.h5 
Ngxe5 16.dxe5 Nxe5 17.O-O Qc5+ 18.Bf2 Qe7 19.Be2 f4 20.Qe1 g5 21.Bd4 Nc6 
22.Bf3 g4 23.Bxg4 e5 24.Bxc8 Raxc8 25.Bf2 e4 26.Bh4 Qg7 27.Nxe4 dxe4 28.
Qxe4 Rce8 29.Qc4+ Kh8 30.Rxf4 Ne5 31.Qe4 Rxf4 32.Qxf4 Rf8 33.Qg3 Qxg3 34.
Bxg3 Rf5 35.Re1 Nc6 36.h6 Kg8 37.Rd1 Rb5 38.b4 a5 39.a3 axb4 40.axb4 Kf7 
41.Rd7+ Kg6 42.Bf4 Nxb4 43.cxb4 Rxb4 44.Bd2 Rb2 45.Kf1 b5 46.Ke2 b4 47.
Rg7+ Kf6 48.Rxh7 Rb1 49.Rb7 Rh1 50.h7 Kg6 51.Bxb4 1-0

[Event "16th EUR-ch"]
[Site "Jerusalem ISR"]
[Date "2015.03.03"]
[Round "7"]
[White "Globus, Or"]
[Black "Sipila, Vilka"]
[Result "0-1"]
[WhiteElo "1862"]
[BlackElo "2425"]
[EventDate "2015.02.24"]
[PlyCount "80"]

1.Nf3 f5 2.d3 d6 3.e4 e5 4.Nc3 Nf6 5.exf5 Bxf5 6.d4 e4 7.Nh4 Bd7 8.Bg5 Be7
9.Bc4 Bg4 10.Be2 Bc8 11.O-O d5 12.f3 O-O 13.fxe4 dxe4 14.Bc4+ Kh8 15.Nxe4 
Bg4 16.Qd3 Nc6 17.c3 Na5 18.Ng3 Nd7 19.Rxf8+ Nxf8 20.Bxe7 Qxe7 21.Nhf5 Qg5
22.Ne3 Bd7 23.Bf7 Nc6 24.Nd5 Nd8 25.Ne4 Qh6 26.Rf1 Nxf7 27.Rxf7 Be6 28.
Nxc7 Bxf7 29.Nxa8 Kg8 30.Nd2 Qf4 31.d5 Qb8 32.c4 Qxa8 33.c5 Nd7 34.b4 a5 
35.Nf3 axb4 36.Ng5 Bg6 37.Qb5 Nf6 38.c6 Qa7+ 39.Kf1 Ng4 40.Qe2 Bd3 0-1

[Event "16th EUR-ch"]
[Site "Jerusalem ISR"]
[Date "2015.03.03"]
[Round "7"]
[White "Kalka, Arkadius Georg"]
[Black "Drori, Dan"]
[Result "0-1"]
[WhiteElo "2389"]
[BlackElo "2104"]
[EventDate "2015.02.24"]
[PlyCount "54"]

1.e4 e6 2.d4 d5 3.Nd2 Nf6 4.e5 Nfd7 5.Bd3 c5 6.c3 Nc6 7.Ne2 cxd4 8.cxd4 f6
9.exf6 Nxf6 10.Nf3 Bd6 11.O-O Qc7 12.Bg5 O-O 13.Rc1 Nh5 14.Nc3 Bf4 15.Nb5 
Qb6 16.Ne5 Nxe5 17.dxe5 g6 18.Be7 Bxc1 19.Qxc1 Bd7 20.Bc5 Qa5 21.Bxf8 Rxf8
22.Nd6 Nf4 23.Rd1 d4 24.Bf1 Qxe5 25.Nxb7 Qd5 26.Nc5 Bc6 27.Nd3 Ne2+ 0-1

[Event "16th EUR-ch"]
[Site "Jerusalem ISR"]
[Date "2015.03.03"]
[Round "7"]
[White "Chubar, Vladimir"]
[Black "Manakova, Maria"]
[Result "0-1"]
[WhiteElo "2066"]
[BlackElo "2318"]
[EventDate "2015.02.24"]
[PlyCount "128"]

1.d4 Nf6 2.Nf3 g6 3.Bg5 Ne4 4.Bf4 d5 5.e3 Bg7 6.Nbd2 O-O 7.Bd3 Nxd2 8.Qxd2
Bg4 9.Ne5 Be6 10.h3 f6 11.Nf3 Nd7 12.O-O Bf7 13.e4 c5 14.c3 cxd4 15.cxd4 
dxe4 16.Bxe4 Qb6 17.Rfc1 Rac8 18.Rxc8 Rxc8 19.Rc1 Rxc1+ 20.Qxc1 Bxa2 21.
Qc8+ Nf8 22.Qxb7 Qxb7 23.Bxb7 Ne6 24.Bb8 a5 25.g3 Bh6 26.Ba7 Bc1 27.d5 Nc7
28.Bb6 Nxd5 29.Bxa5 Bxb2 30.h4 Kf7 31.Nd2 Bd4 32.Ba6 Ke6 33.Bc4 Bxc4 34.
Nxc4 f5 35.Bd2 Nf6 36.Kg2 Kd5 37.Ne3+ Ke4 38.Nf1 Kd3 39.Bg5 Nd5 40.Nh2 Ke2
41.f3 e5 42.Bc1 e4 43.fxe4 fxe4 44.h5 gxh5 45.Bg5 Be5 46.Nf1 Bf6 47.Bh6 
Bd4 48.Bg5 Bg7 49.Bc1 Bd4 50.Bg5 e3 51.Nxe3 Bxe3 52.Bd8 Bd4 53.Bg5 Bf6 54.
Bc1 Nc3 55.Bf4 Ne4 56.Bc7 Be7 57.Ba5 Bd6 58.Kh3 Bxg3 59.Kg2 Bd6 60.Kh3 Be7
61.Bb6 Kf3 62.Bd4 Bc5 63.Be5 Bf2 64.Bc7 Bg3 0-1

[Event "16th EUR-ch"]
[Site "Jerusalem ISR"]
[Date "2015.03.03"]
[Round "7"]
[White "Gershkowich, David"]
[Black "Zak, Arad"]
[Result "1/2-1/2"]
[WhiteElo "2227"]
[BlackElo "2061"]
[EventDate "2015.02.24"]
[PlyCount "152"]

1.e4 e6 2.d4 d5 3.Nc3 dxe4 4.Nxe4 Nd7 5.Nf3 Ngf6 6.Nxf6+ Nxf6 7.Bd3 c5 8.
Bg5 cxd4 9.Nxd4 Be7 10.c3 O-O 11.Qc2 h6 12.Bh4 Qd5 13.O-O Bd7 14.Rfe1 Bc6 
15.Nxc6 Qxc6 16.Qe2 Rfd8 17.Be4 Qb6 18.Bc2 Rd7 19.Ba4 Rdd8 20.Bb3 Rd7 21.
Rad1 Rad8 22.Bg3 Bc5 23.Be5 Bxf2+ 24.Qxf2 Qxf2+ 25.Kxf2 Ng4+ 26.Kg3 Nxe5 
27.Rxd7 Nxd7 28.Rd1 Kf8 29.Rd4 Ke7 30.Rg4 g6 31.Rh4 h5 32.Rc4 Nb6 33.Rb4 
Rd3+ 34.Kh4 Kf6 35.Bc2 Re3 36.Be4 Nc8 37.Bf3 Nd6 38.Kg3 b6 39.Kf2 Re5 40.
Rd4 Ke7 41.a4 Rc5 42.Be2 e5 43.Rb4 f5 44.g3 Kf6 45.Ke3 Nf7 46.Rb3 Nd6 47.
Rb4 Ne8 48.Rb3 Nc7 49.c4 Ne6 50.Ra3 Nd4 51.Bd3 a5 52.h4 g5 53.hxg5+ Kxg5 
54.Ra1 Rc8 55.Rb1 Nc6 56.Be2 Rd8 57.c5 bxc5 58.Rc1 c4 59.Rxc4 Rd6 60.Rc5 
Re6 61.Bc4 Rd6 62.Bb5 Nb4 63.Rxe5 Rd5 64.Re8 Nc2+ 65.Kf2 Rd2+ 66.Re2 Rxe2+
67.Bxe2 h4 68.gxh4+ Kxh4 69.Bd3 Nb4 70.Bxf5 Kg5 71.Bh7 Kf4 72.Ke2 Ke5 73.
Ke3 Kd5 74.b3 Kc5 75.Bg8 Na6 76.Kd3 Kb4 1/2-1/2

[Event "16th EUR-ch"]
[Site "Jerusalem ISR"]
[Date "2015.03.03"]
[Round "7"]
[White "Zalkind, Konstantin"]
[Black "Kneler, Boris"]
[Result "1/2-1/2"]
[WhiteElo "2222"]
[BlackElo "2025"]
[EventDate "2015.02.24"]
[PlyCount "151"]

1.d4 Nf6 2.Nf3 e6 3.c4 Bb4+ 4.Nbd2 a5 5.e3 O-O 6.Bd3 d5 7.O-O b6 8.Qc2 Bb7
9.Ne5 c5 10.Ndf3 cxd4 11.exd4 dxc4 12.Bxc4 Nc6 13.Be3 Rc8 14.Qe2 Ne7 15.
Rac1 Ned5 16.Bb5 Bd6 17.a3 Qe7 18.Nc6 Bxc6 19.Bxc6 Rc7 20.Rc2 Rfc8 21.Rfc1
h6 22.g3 Kh7 23.Bd2 Qd8 24.Ne5 Kg8 25.Be1 Ne7 26.Bf3 Rxc2 27.Rxc2 Rxc2 28.
Qxc2 Qc7 29.Qxc7 Bxc7 30.Bg2 Nfd5 31.Kf1 Kf8 32.Ke2 Ke8 33.Kd3 f6 34.Nc4 
Kd7 35.h4 g5 36.h5 f5 37.Bd2 Nf6 38.Bf3 g4 39.Bh1 Neg8 40.Ne5+ Ke8 41.Kc4 
Nxh5 42.Kb5 Nhf6 43.Kc6 Kd8 44.Nf7+ Kc8 45.Nxh6 Ne7+ 46.Kb5 Nfd5 47.Nf7 
Kd7 48.Ne5+ Bxe5 49.dxe5 Kc7 50.Kc4 Kc6 51.a4 Ng6 52.Kd4 Ne7 53.Bg5 Kd7 
54.Kc4 Nc7 55.Bxe7 Kxe7 56.Bb7 Kd7 57.Kd4 Ke7 58.Bc6 Kd8 59.Ke3 Ke7 60.Kd4
Kd8 61.Bg2 Kd7 62.Kc3 Ke7 63.Bf1 Kd8 64.Bc4 Ke7 65.Kd4 Kd7 66.Ke3 Ke7 67.
Kf4 Kf7 68.Kg5 Ne8 69.Kf4 Nc7 70.f3 gxf3 71.Kxf3 Ke7 72.Ke3 Kd7 73.Kd4 Kc6
74.b3 Kd7 75.Kc3 Kc6 76.Kd4 1/2-1/2

[Event "16th EUR-ch"]
[Site "Jerusalem ISR"]
[Date "2015.03.03"]
[Round "7"]
[White "Marusenko, Petr"]
[Black "Cohen Revivo, Alon"]
[Result "0-1"]
[WhiteElo "2205"]
[BlackElo "2022"]
[EventDate "2015.02.24"]
[PlyCount "68"]

1.d4 e6 2.c4 b6 3.e4 Bb7 4.Nc3 Bb4 5.Qc2 Qh4 6.Bd3 f5 7.g3 Qh5 8.f3 fxe4 
9.Bxe4 Bxe4 10.Qxe4 Nc6 11.Ne2 Nf6 12.Qd3 e5 13.O-O O-O 14.d5 Bc5+ 15.Be3 
Nb4 16.Qd2 Bxe3+ 17.Qxe3 Nc2 18.Qd3 Nxa1 19.Rxa1 d6 20.a4 Nd7 21.Kg2 e4 
22.Qxe4 Rae8 23.Qg4 Qxg4 24.fxg4 Ne5 25.b3 Nxg4 26.Kg1 Re3 27.Rc1 Rff3 28.
Rc2 Rd3 29.Rc1 g5 30.Rc2 a5 31.Rc1 Rd2 32.Re1 Re3 33.h3 Ne5 34.Kf2 Rxc3 
0-1

[Event "16th EUR-ch"]
[Site "Jerusalem ISR"]
[Date "2015.03.03"]
[Round "7"]
[White "Katzir, Moshe"]
[Black "Parkhov, Yair"]
[Result "1-0"]
[WhiteElo "2196"]
[BlackElo "1997"]
[EventDate "2015.02.24"]
[PlyCount "63"]

1.e4 e6 2.d4 d5 3.Nd2 c5 4.dxc5 Nf6 5.exd5 Qxd5 6.Ngf3 Qxc5 7.Bd3 Be7 8.
Qe2 Nbd7 9.O-O O-O 10.Re1 b6 11.Ne4 Qc7 12.Bg5 Bb7 13.c3 Nd5 14.Bxe7 Nxe7 
15.Neg5 Nf6 16.Nxe6 fxe6 17.Qxe6+ Rf7 18.Ng5 Bd5 19.Qh3 g6 20.Nxf7 Bxf7 
21.Qf3 Kg7 22.Rxe7 Qxe7 23.Qxa8 Nd5 24.Qb8 Qf6 25.Re1 Nf4 26.Bf1 Qh4 27.
Qe5+ Kh6 28.Qe3 Qg5 29.h4 Qxh4 30.g3 Qd8 31.Qxf4+ Kg7 32.Bc4 1-0

[Event "16th EUR-ch"]
[Site "Jerusalem ISR"]
[Date "2015.03.03"]
[Round "7"]
[White "Chuvnik, Mordechai"]
[Black "Hochman, Elnatan"]
[Result "1/2-1/2"]
[WhiteElo "2189"]
[BlackElo "1976"]
[EventDate "2015.02.24"]
[PlyCount "94"]

1.e4 c5 2.c4 Nc6 3.Nc3 d6 4.d3 g6 5.g3 Bg7 6.Bg2 e6 7.Be3 Nge7 8.Qd2 Nd4 
9.h4 h5 10.Nh3 Nec6 11.O-O a6 12.Rae1 Rb8 13.f4 O-O 14.f5 exf5 15.Bh6 Ne5 
16.Bxg7 Kxg7 17.Nf4 Rh8 18.Ncd5 fxe4 19.Rxe4 Bg4 20.Qc3 Rf8 21.b4 Bf5 22.
Nxh5+ gxh5 23.Rxf5 Nxf5 24.Rxe5 Nd4 25.Rg5+ Kh6 26.Qd2 f6 27.Re5+ Kg7 28.
Rxh5 Rh8 29.Rxh8 Qxh8 30.bxc5 dxc5 31.Kh2 Qe8 32.Nf4 Qe5 33.Qa5 Nf5 34.
Qxc5 Nxh4 35.Ne6+ Qxe6 36.Qc7+ Kg6 37.Be4+ f5 38.Qxb8 fxe4 39.gxh4 exd3 
40.Qg3+ Kh6 41.Qxd3 Qe5+ 42.Kh3 Qe6+ 43.Kg3 Qe5+ 44.Kh3 Qe6+ 45.Kg3 Qe5+ 
46.Kf3 Qh5+ 47.Kg3 Qe5+ 1/2-1/2

[Event "16th EUR-ch"]
[Site "Jerusalem ISR"]
[Date "2015.03.03"]
[Round "7"]
[White "Toporkova, Sofia"]
[Black "Hasidovsky, Michael"]
[Result "1/2-1/2"]
[WhiteElo "1962"]
[BlackElo "2187"]
[EventDate "2015.02.24"]
[PlyCount "112"]

1.c4 c5 2.g3 g6 3.Bg2 Bg7 4.Nf3 Nc6 5.O-O d6 6.Nc3 e5 7.d3 Nge7 8.Ne1 O-O 
9.f4 f5 10.Rb1 Be6 11.a3 a5 12.e4 Qd7 13.Nd5 Bxd5 14.exd5 Nd4 15.Nf3 Nxf3+
16.Bxf3 Kh8 17.Kh1 Ng8 18.Re1 Rfe8 19.Bd2 b6 20.Qc2 Rab8 21.fxe5 dxe5 22.
b4 axb4 23.axb4 Qd6 24.Bc3 Nf6 25.bxc5 bxc5 26.Rxb8 Qxb8 27.Rb1 Qd6 28.Qa4
Rb8 29.Rb5 Rxb5 30.cxb5 Nd7 31.Qa6 Bf8 32.Ba5 Kg8 33.Qc6 Nb8 34.Bc7 Nxc6 
35.Bxd6 Bxd6 36.dxc6 Bc7 37.Kg2 Kf7 38.Bd5+ Ke7 39.Kf2 g5 40.h3 Kd6 41.Bg2
Bd8 42.g4 fxg4 43.hxg4 Kc7 44.Bd5 Kb6 45.Bc4 Bc7 46.Kf3 Bd8 47.Ke4 Bc7 48.
Kf5 Bd8 49.Kxe5 Bc7+ 50.Kf6 Bf4 51.Kg7 Bc7 52.Kxh7 Bf4 53.Kg6 Be3 54.Kf5 
Bf4 55.Ke4 Bg3 56.Kd5 Bf4 1/2-1/2

[Event "16th EUR-ch"]
[Site "Jerusalem ISR"]
[Date "2015.03.03"]
[Round "7"]
[White "Slonimskij, Arkadij"]
[Black "Saadon, Netanel"]
[Result "1-0"]
[WhiteElo "2176"]
[BlackElo "1939"]
[EventDate "2015.02.24"]
[PlyCount "89"]

1.d4 Nf6 2.c4 c5 3.d5 b5 4.cxb5 a6 5.bxa6 Bxa6 6.Nc3 d6 7.f4 g6 8.Nf3 Bg7 
9.e4 Bxf1 10.Rxf1 O-O 11.Kf2 Nbd7 12.Kg1 Qa5 13.Qe2 Nb6 14.Rd1 Rfb8 15.e5 
Ne8 16.Kh1 Nc7 17.h3 Qa6 18.Qxa6 Nxa6 19.b3 Nb4 20.a3 Nd7 21.Rb1 Nc2 22.a4
dxe5 23.fxe5 Nxe5 24.Nxe5 Bxe5 25.Nb5 Rd8 26.Na3 Nb4 27.Nc4 Bd4 28.Be3 Nc2
29.Bxd4 Nxd4 30.b4 Ne2 31.Nb6 Nc3 32.Nxa8 Nxd1 33.Rxd1 Rxa8 34.bxc5 Rxa4 
35.Rc1 Ra8 36.Kg1 Rd8 37.c6 Kg7 38.g4 h6 39.Kg2 Kf6 40.Rf1+ Kg7 41.Kf3 Rc8
42.Ke4 Kf8 43.Kd4 Ke8 44.Kc5 Rd8 45.c7 1-0

[Event "16th EUR-ch"]
[Site "Jerusalem ISR"]
[Date "2015.03.03"]
[Round "7"]
[White "Kunin, Michael"]
[Black "Westreich, Itay"]
[Result "1-0"]
[WhiteElo "2147"]
[BlackElo "1929"]
[EventDate "2015.02.24"]
[PlyCount "91"]

1.e4 e5 2.Nf3 Nc6 3.c3 d5 4.Qa4 Bd7 5.exd5 Nd4 6.Qd1 Nxf3+ 7.Qxf3 Nf6 8.c4
c6 9.Nc3 Bb4 10.h3 O-O 11.Be2 Qe7 12.O-O e4 13.Qe3 Bxc3 14.dxc3 cxd5 15.
cxd5 Nxd5 16.Qd4 Bc6 17.c4 Nb4 18.Qc3 Rad8 19.Re1 Rfe8 20.Be3 Nd3 21.Bxd3 
Rxd3 22.Qa5 b6 23.Qg5 Qd7 24.b4 Re6 25.b5 Bb7 26.a4 Rg6 27.Qh4 f5 28.Kh1 
Qd6 29.Rac1 h6 30.c5 bxc5 31.Bxc5 Qd5 32.Be3 Kh7 33.Rc7 Ra3 34.Qe7 f4 35.
Qxa3 fxe3 36.Qxe3 a6 37.b6 a5 38.Rec1 Ba8 39.R7c5 Qd8 40.Rxa5 Rd6 41.Ra7 
Rd3 42.Qc5 Rd5 43.Qc7 Qf8 44.Rxa8 Qxf2 45.Qc2 Qe3 46.Re8 1-0

[Event "16th EUR-ch"]
[Site "Jerusalem ISR"]
[Date "2015.03.03"]
[Round "7"]
[White "Bronstein, Or"]
[Black "Vaisberg, Michael"]
[Result "0-1"]
[WhiteElo "1944"]
[BlackElo "2136"]
[EventDate "2015.02.24"]
[PlyCount "138"]

1.e4 e6 2.d4 d5 3.Nd2 Nc6 4.Ngf3 Nf6 5.e5 Nd7 6.Be2 f6 7.exf6 Qxf6 8.Nf1 
Bd6 9.Ne3 O-O 10.O-O Ne7 11.c4 c6 12.c5 Bc7 13.Rb1 e5 14.b4 Ng6 15.Bb2 e4 
16.Ne1 Qg5 17.Bc1 Nf4 18.Kh1 Nf6 19.g3 Nxe2 20.Qxe2 Qg6 21.Rb3 Bh3 22.N1g2
Ng4 23.f4 exf3 24.Rxf3 Rxf3 25.Qxf3 Rf8 26.Nf4 Nxe3 27.Rxe3 Qc2 28.Re1 Bf5
29.Kg1 Be4 30.Qb3 Qxb3 31.axb3 Rf6 32.Bd2 h6 33.Ne2 Bc2 34.Nc1 Kf7 35.Rf1 
g5 36.Rxf6+ Kxf6 37.Kf2 Kf5 38.Kf3 Bd1+ 39.Ke3 Kg4 40.Nd3 Bxb3 41.Nf2+ Kf5
42.g4+ Kf6 43.h3 Bf4+ 44.Ke2 Bc4+ 45.Ke1 Bg3 46.Be3 Ke7 47.Bc1 Kd7 48.Be3 
Kc7 49.Bd2 b6 50.Bc3 Kb7 51.Bb2 Ka6 52.Bc3 Kb5 53.Bd2 Bd3 54.cxb6 axb6 55.
Be3 Kxb4 56.Kd2 Bf1 57.Nd3+ Bxd3 58.Kxd3 Kb3 59.Bd2 b5 60.Ba5 b4 61.Bd8 
Ka2 62.Bf6 b3 63.Bg7 b2 64.Bxh6 Bh4 65.Bf8 b1=Q+ 66.Ke2 Qe4+ 67.Kd1 Qd3+ 
68.Kc1 Kb3 69.Bb4 Qc2# 0-1

[Event "16th EUR-ch"]
[Site "Jerusalem ISR"]
[Date "2015.03.03"]
[Round "7"]
[White "Bar, Aviv"]
[Black "Shohat, Yotam"]
[Result "1/2-1/2"]
[WhiteElo "2130"]
[BlackElo "1903"]
[EventDate "2015.02.24"]
[PlyCount "100"]

1.e4 c5 2.Nf3 Nc6 3.d4 cxd4 4.Nxd4 g6 5.c4 Nf6 6.Nc3 d6 7.Be2 Nxd4 8.Qxd4 
Bg7 9.Be3 O-O 10.Qd2 a5 11.O-O a4 12.Rad1 Qa5 13.Bd4 Be6 14.f4 Rfc8 15.b3 
axb3 16.axb3 Qb4 17.f5 Bd7 18.fxg6 hxg6 19.Bxf6 Bxf6 20.Nd5 Qc5+ 21.Kh1 
Be6 22.Nxf6+ exf6 23.Rxf6 Kg7 24.Rff1 Ra3 25.Qb2+ Kg8 26.Ra1 Rxa1 27.Qxa1 
Qe3 28.Qd1 Ra8 29.Qd3 Qc5 30.h3 Ra2 31.Bg4 Bxg4 32.hxg4 Rf2 33.Rd1 Qe5 34.
Rf1 Rxf1+ 35.Qxf1 Qxe4 36.Qd1 Qe3 37.Kh2 Qf4+ 38.Kh3 Qh6+ 39.Kg3 Qe3+ 40.
Qf3 Qe5+ 41.Kh3 Qh8+ 42.Kg3 Qe5+ 43.Kf2 Qb2+ 44.Ke1 Qc1+ 45.Ke2 Qb2+ 46.
Kf1 Qc1+ 47.Kf2 Qb2+ 48.Kg1 Qd4+ 49.Kh2 Qe5+ 50.Qg3 Qh8+ 1/2-1/2

[Event "16th EUR-ch"]
[Site "Jerusalem ISR"]
[Date "2015.03.03"]
[Round "7"]
[White "Landa, Alex"]
[Black "Kraus, Yair"]
[Result "0-1"]
[WhiteElo "1905"]
[BlackElo "2129"]
[EventDate "2015.02.24"]
[PlyCount "68"]

1.d4 Nf6 2.Nf3 c5 3.d5 b5 4.c4 bxc4 5.Nc3 g6 6.e4 d6 7.Bxc4 Bg7 8.O-O O-O 
9.a4 Nbd7 10.a5 Rb8 11.Qc2 Ng4 12.Nd2 Nde5 13.Be2 g5 14.h3 Nf6 15.Nc4 Nxc4
16.Bxc4 g4 17.h4 Nd7 18.Be2 Ne5 19.h5 h6 20.Bf4 e6 21.Qd2 Qh4 22.Bxh6 Qxh5
23.Bf4 exd5 24.exd5 f5 25.Rab1 Rb4 26.Qe3 Rf7 27.Rfd1 Bf6 28.f3 gxf3 29.
Bxf3 Nxf3+ 30.Kf2 Ne5 31.Rh1 Ng4+ 32.Kf3 Nh2+ 33.Kf2 Bd4 34.Rxh2 Qg4 0-1

[Event "16th EUR-ch"]
[Site "Jerusalem ISR"]
[Date "2015.03.03"]
[Round "7"]
[White "Pogosian, Vladimir"]
[Black "Feldman, Antony"]
[Result "1-0"]
[WhiteElo "2124"]
[BlackElo "1807"]
[EventDate "2015.02.24"]
[PlyCount "79"]

1.e4 c5 2.Nc3 e6 3.Bc4 a6 4.d3 Nc6 5.Nge2 b5 6.Bb3 Bb7 7.O-O Nf6 8.Nf4 d6 
9.a3 Nd4 10.Ba2 Be7 11.Nce2 Nxe2+ 12.Qxe2 e5 13.Nh3 O-O 14.f4 Nd7 15.f5 
Nf6 16.g4 d5 17.g5 dxe4 18.gxf6 exd3 19.cxd3 Bxf6 20.Nf2 e4 21.dxe4 c4 22.
Be3 Qc7 23.Rad1 Be5 24.Ng4 Rfe8 25.Nxe5 Qxe5 26.Bb1 f6 27.Bd4 Qd6 28.Qg4 
Re7 29.Qg3 Qc6 30.Rfe1 Rae8 31.Bf2 Re5 32.Bd4 R5e7 33.Bc3 Kf7 34.Qd6 Qc8 
35.Kf2 Qa8 36.Rg1 Rg8 37.Rd4 Qa7 38.Bb4 Rge8 39.Bc5 Qa8 40.Qg3 1-0

[Event "16th EUR-ch"]
[Site "Jerusalem ISR"]
[Date "2015.03.03"]
[Round "7"]
[White "Gabizon, Eyal"]
[Black "Henseler, Jorgen"]
[Result "1-0"]
[WhiteElo "1760"]
[BlackElo "2123"]
[EventDate "2015.02.24"]
[PlyCount "65"]

1.d4 d5 2.c4 c6 3.Nf3 Nf6 4.e3 e6 5.b3 Nbd7 6.Nbd2 Bd6 7.Bb2 O-O 8.Bd3 b6 
9.O-O Bb7 10.cxd5 Nxd5 11.Ne4 Be7 12.Ng3 N7f6 13.a3 c5 14.dxc5 Bxc5 15.b4 
Be7 16.Rc1 Rc8 17.Rxc8 Qxc8 18.Qd2 Rd8 19.Rc1 Qa8 20.Bd4 Bd6 21.Qb2 Ne8 
22.Nh5 f6 23.Qb1 f5 24.Ng5 Ndc7 25.Bxf5 Bxg2 26.Bxh7+ Kf8 27.Qg6 Rd7 28.
Nxg7 Bh1 29.N5xe6+ Nxe6 30.Nxe6+ Ke7 31.Bg8 Bxh2+ 32.Kxh2 Be4 33.Qg5+ 1-0